[Event "Poikovsky Karpov 19th"]
[Site "Poikovsky"]
[Date "2018.06.04"]
[Round "8"]
[White "Gelfand, Boris"]
[Black "Bologan, Viktor"]
[Result "1-0"]
[WhiteElo "2695"]
[BlackElo "2610"]
[Annotator "Marin,M"]
[PlyCount "109"]
[EventDate "2018.05.27"]
[EventType "tourn"]
[EventRounds "9"]
[EventCountry "RUS"]
[EventCategory "18"]
[SourceTitle "CBM 185"]
[Source "ChessBase"]
[SourceDate "2018.07.13"]
[SourceVersion "1"]
[SourceVersionDate "2018.07.13"]
[SourceQuality "1"]

1. d4 Nf6 2. Nf3 e6 3. c4 d5 4. g3 Be7 5. Bg2 O-O 6. O-O Nbd7 7. Qc2 c6 8. Rd1
b6 9. b3 {The typical move order. White maintains the flexibility in order to
meet ...Bb7 with the active Nc3 and ...Ba6 with Nbd2.} Ba6 10. Nbd2 b5 {
In view of White's typical answer, this plan (possible in slightly different
positions, too) is insufficient for equality.} ({The old main line went} 10...
Rc8 11. e4 {The only reasonable way of avoiding a transposition to the main
line with} c5 12. exd5 exd5 {If compared to similar tabyias above the knight
stands a bit in the way on d2.} 13. Nf1 $5 {Probably the most accurate move
order. The knight's redeployment is essential anyway while the bishop is
active on c1.} cxd4 {Aiming to increase the pressure on c4.} (13... dxc4 14. d5
$1 cxb3 15. axb3 Bxf1 16. Bxf1 Qc7 17. Bb5 Ne8 18. Re1 Bf6 {Khalifman,A (2651)
-Mokshanov,A (2429) Tyumen 2012 (½-½, 47)} 19. Bf4 Nd6 20. Rad1) 14. Nxd4 b5
(14... Bc5 {does not bring much positive as the e7-square is not safe for the
queen.} 15. Ne3 dxc4 16. bxc4 Qc7 17. Qa4 Bxd4 18. Rxd4 Nc5 19. Qd1 Bb7 20. Nd5
Nxd5 21. cxd5 $16 {Baumgartner,U (2338)-Jirk,J (2338) ICCF email 2002 (½-½,
23). With two strong bishops and a dangerous central pawn.}) 15. Ne3 bxc4 16.
Ndf5 {White has overwhelming activity and retrieving the pawn is a matter of
time. Still, some accuracy is needed in order to keep the advanatage intact.}
Bc5 (16... Re8 17. Nxd5 Nxd5 18. Bxd5 $16) 17. b4 $5 {Forcing the bishop on to
an exposed square.} Bxb4 (17... Bb6 18. Qc3 $16) (17... Bxe3 18. Bxe3 $16) 18.
Qa4 Qa5 (18... Ba5 19. Ba3 Nc5 20. Qc2 Nd3 21. Ne7+ Kh8 22. Nxc8 Qxc8 23. Bxf8
Qxf8 24. Nxd5 $18) 19. Qxa5 Bxa5 20. Ne7+ Kh8 21. Nxc8 Rxc8 22. Nxd5 c3 23.
Nxf6 Nxf6 24. Rd6 Be2 25. Be3 Bb4 26. Rc6 Rxc6 27. Bxc6 c2 (27... a5 28. Rc1
$18 {wins the pawn soon.}) 28. Bxa7 $16 {Matheis,T (2397)-Polakovic,P (2445)
ICCF email 2009 (1-0, 73) Due to the far advanced pawn the technical process
of converting the exchange is not simple, but White has every chance to win.})
({At some point} 10... c5 {enjoyed some popularity, without being really
refuted yet.} 11. e4 dxc4 ({The only reasonable way of avoiding a
transposition to the main line with} 11... Rc8) 12. e5 Nd5 13. bxc4 Nb4 {
Black has some counterplay but it can be felt that he is not perfectly
coordinated.} 14. Qa4 $5 $146 Bb7 (14... Qc8 15. Ba3 $14) 15. a3 Nd3 16. d5 $1
{The only way to fight for the initiative.} exd5 (16... N3xe5 17. d6 Bf6 18.
Nxe5 Bxg2 19. Nxd7 Bxa1 20. Kxg2 $18) (16... Rb8 $5 {defends the bishop
creating chances for counterplay.} 17. d6 Bg5 18. Nxg5 Qxg5 19. Qxd7 Qxe5 20.
Ra2 Nxf2 21. Rf1 Bxg2 22. Kxg2 Nd3 23. Qc6 Qe2+ 24. Kg1 Qe3+ 25. Kh1 $14 {
White keeps the extra piece and chances to convert it.}) 17. cxd5 Bxd5 18. Nc4
Nxc1 19. Raxc1 Be6 20. Ne1 b5 (20... Qc7 21. Bxa8 Rxa8 22. Nd3 $14) 21. Qxb5
Rb8 22. Qc6 $14 {/\Nd3-f4. With a pleasant blockade on c4 and a dangerous
kingside majority.}) 11. c5 {After this move Black's light-squared bishop will
fail to prove its usefulness, despite the optically pleasing domination along
the f1-a6 diagonal.} b4 {Obviously forced, in order to offer the bishop some
breathing space, but the b-pawn will become a target soon.} (11... e5 $2 {
is premature:} 12. e4 exd4 13. b4 $1 $16 {Bozinovic,B (2223)-Tjomsland,S (2378)
Pula 2011 (0-1, 29) White has the initiative in the centre while the a6-bishop
is even less than a spectator, as it has no diagonals along which it could
watch the show.}) 12. Re1 {A necessary preparation for the next move.} ({
I assume that in the games where White plays} 12. e4 $6 {he overlooks} Nxe4 13.
Nxe4 dxe4 14. Qxe4 Nxc5 $1 {Still, his position remains active, yielding him
reasonable compensation for the blundered pawn.} 15. Qc2 Nd7 16. Ne5 Nxe5 17.
dxe5 Qc7 18. Qxc6 $11 {Filippov,V (2605)-Liang,C (2412) Shenyang 1999 (1-0, 56)
}) 12... Bb5 (12... Ne8 13. e4 Nc7 14. h4 {Vaganian,R (2670)-Sargissian,G 
(2602) Moscow 2005 CBM 106 [Ribli,Z] (0-1, 40) is solid but rather passive.})
13. e4 Nxe4 ({Once again, maintaining the tension leaves Black very passive:} 
13... a5 14. e5 Ne8 15. a4 (15. Nf1 Nc7 16. h4 Re8 17. N1h2 Qc8 18. Bf4 $16 {
Quinn,M (2350)-Ortega,L (2490) Padova 1998 (½-½, 26)}) 15... bxa3 16. Rxa3
Nc7 17. Bb2 Na6 18. Rea1 Nb4 19. Qd1 f6 20. Bc3 Nd3 21. exf6 Bxf6 {Raetsky,A 
(2455)-Viglundsson,B (2280) Hafnarfjordur 1996 (1-0, 40)} 22. Bf1 $5 $16 {
It is useful to delay Rxa5 in order to avoid ...Nxc5 by keeping Bxa5 in
reserve. But White will inevitably win the a5-pawn.}) 14. Nxe4 dxe4 15. Qxe4 {
This kind of structure is known to favour White, as he can prepare a slow
kingside attack, practically with an extra piece as the b5-bishop cannot be
used for the defence. This is a slightly more active version for Black than
usual, but as said his queenside achievements are far from one-sided.} a5 16.
Qc2 Nf6 17. a4 bxa3 18. Rxa3 Nd5 19. Bd2 Nb4 20. Bxb4 {Immediately creating a
target on b4 and eliminating the best suited piece for a blockade on d5.} ({
But keeping the tension with} 20. Qe4 Qd5 21. Ne5 $16 {also looks promissing
as Black has two chronic weaknesses on a5 and c6.}) 20... axb4 21. Rxa8 Qxa8
22. Ne5 {With hindsight, this may be a bit premature.} ({White could have
attacked b4 immediately, forcing Black to commit himself before White plays
Ne5.} 22. Qd2 Qa3 (22... Bd8 23. Rc1 {renewing the threat against the pawn.}
Qa3 24. Ne5 Qxb3 25. Bxc6 $16 {with similar play to that in the main line.}) (
22... Qa5 23. Ne5 Rc8 24. Be4 $16 {White has pressure on both wings, with
chances for a direct attack against the king.}) 23. Ne5 Qxb3 (23... Rc8 24. Qe3
$18 {[%cal Ge5f7]}) 24. Bxc6 {The b4-pawn is doomed, as the e7-bishop is the
spectator already.} Qa4 25. Bxb5 Qxb5 26. Rb1 b3 27. Qc3 Rb8 28. Qf3 Bf6 29.
Nc6 Rb7 30. Na5 $16) 22... Bf6 $6 $146 {There is practically no theory in this
whole line, but curiously there was just one previous game, from which Bologan
now deviates. However, his novelty is hard to understand as it offers White
precisely what he needs: kingside targets.} (22... Rd8 23. Qd2 {[%csl Gb4]} ({
This looks slightly better than the played} 23. Qe4 Bf6 24. Nxc6 Bxc6 25. Qxc6
Qxc6 26. Bxc6 Bxd4 27. Rc1 Rc8 28. Bb7 Rc7 29. c6 Kf8 $11 {Antunes,A (2390)
-Nikolac,J (2495) Almada 1988 (½-½, 47)}) 23... f6 (23... Bxc5 $2 24. Qf4 $16
) 24. Nf3 Bxc5 25. Qe3 Bf8 26. Qxe6+ Kh8 27. Nh4 {with some slight white
initiative.}) 23. Nd7 Rd8 24. Nxf6+ gxf6 25. Qd2 e5 $2 {Another hard to
explain move, allowing the queen's intrusion to h6.} (25... Qa3 $2 {is also
quite bad:} 26. Qh6 Rxd4 27. Qxf6 Qb2 28. h4 $16 {[%cal Ge1e5]}) ({Black
should have admitted that something went wrong and searched for compensation
for the b4-pawn with} 25... Kg7 26. Qxb4 Qa2 27. Qc3 Ra8 {when play would
remain one-sided but White might have problems converting his extra pawn, as
all Black's pieces are well placed and the queenside structure is blocked.})
26. Qh6 Rxd4 (26... exd4 27. Be4 $18) 27. Qxf6 Qd8 28. Qxe5 {It is hard to
refrain from taking such a pawn, of course, but now Black is absolved about
his worries regarding the king.} (28. Qf5 $1 $18 f6 (28... Rd1 29. Qg4+) (28...
Qe7 29. Be4) 29. h4 {[%cal Gg1h2,Ge1a1,Gg2e4,Gh4h5]}) 28... Rd1 $16 29. h4 ({
From a practical point of view} 29. Bf3 {is simpler, as it avoids losing any
of the queenside pawns.} Rxe1+ 30. Qxe1 Qd3 31. Qd1 Qf5 32. Qd8+ Kg7 33. Qd4+
$16) 29... Qd2 30. Rxd1 Qxd1+ 31. Kh2 Qxb3 {White already needs to reckon with
the b-pawn} 32. Qg5+ Kf8 33. Qh6+ Kg8 34. Qg5+ Kf8 35. Qh6+ Kg8 36. Be4 Qe6 37.
Qg5+ $2 (37. Bxh7+ $1 Kh8 38. Qxe6 fxe6 39. Be4 {would have yielded a winning
ending. At this height of the game Gelfand might have over-estimated the
strength of the b-pawn, but White can keep everything under control.} b3 40. g4
Be2 {The next manoeuvre is the only way of making the b-pawn dangerous, but
White will also get his queenside passer.} 41. Kg3 Bd1 42. Bxc6 Bc2 43. Ba4 Bd1
44. c6 $18) 37... Kh8 38. Qd8+ Kg7 39. Qg5+ Kh8 40. Bf5 f6 $2 ({After} 40...
Qe2 $11 {White would not have a forced win and the game would have most
probably ended in a draw by perpetual.}) 41. Bxe6 fxg5 42. hxg5 {The game has
entered the same type of anding as avoided by Gelfand earlier, but somewhat
less favourable for him.} Ba4 43. Bf5 Bd1 44. Be4 b3 45. Bxc6 Kg7 46. Bb5 $2 {
In all probability, this spoils the win.} ({White would have won a decisive
tempo with} 46. f4 {for instance} Bh5 (46... Bc2 47. Ba4 Bd1 48. Bd7 Bc2 49. c6
$18) 47. Be4 Bg6 48. Bxg6 Kxg6 49. c6 b2 50. c7 b1=Q 51. c8=Q {Unlike in the
game, the g5-pawn is defended and Black has no perpetual check despite the
relative weakness of the second rank.}) 46... Bh5 47. c6 b2 48. Bd3 Bg6 49.
Bxg6 Kxg6 50. c7 b1=Q 51. c8=Q Kxg5 {The endgame remains unpleasant for Black,
but in principle he should draw.} 52. Qe6 Qd3 $4 {The final blunder.} (52...
Qc2 $1 $14 {I will make a few dumb moves to transpose to a previous game
featuring a very similar ending:} 53. Qe5+ Kg6 54. Kg2 Qc6+ 55. Kh2 Qa6 56. Kg2
h5 {We are now on the previous game's track. Black defended well but lost due
to a late blunder.} 57. Qe4+ Kh6 58. Qd5 Kg6 59. Qe4+ Kh6 60. Kf3 Qa2 61. Qc6+
Kg5 62. Kg2 Qe2 63. Qf3 Qa2 64. Qf4+ Kg6 65. Qd6+ Kg5 66. Qd4 Kg6 67. Qe5 Qc2
68. Qf4 Qa2 69. Kh2 Qc2 70. Kh3 Qc8+ 71. g4 Qc3+ 72. Kg2 hxg4 73. Qxg4+ Kh7 $4
(73... Kh6 74. Qh3+ Qxh3+ 75. Kxh3 Kh5 $11) (73... Kf6 74. Qf3+ Qxf3+ 75. Kxf3
Kf5 $11) 74. Qh3+ {1-0 Efimenko,Z (2651)-Baskin,R (2402) Germany 2016} Qxh3+
75. Kxh3 Kh6 76. Kh4 Kg6 77. Kg4 $18) 53. f4+ Kh5 54. g4+ Kh4 55. Qh6+ (55.
Qh6+ Kxg4 56. Qg5+ Kf3 57. Qg3+ Ke2 58. Qxd3+ Kxd3 59. f5 $18) 1-0

[Event "RUS-Cup01 Chigorin Memorial"]
[Site "St Petersburg"]
[Date "1996.??.??"]
[Round "8"]
[White "Kochyev, Alexander"]
[Black "Shaposhnikov, Evgeny"]
[Result "1-0"]
[WhiteElo "2500"]
[BlackElo "2345"]
[Annotator "Notkin,M"]
[PlyCount "81"]
[EventDate "1996.11.??"]
[EventType "swiss"]
[EventRounds "9"]
[EventCountry "RUS"]
[SourceTitle "CBM 056 Extra"]
[Source "ChessBase"]
[SourceDate "1997.03.01"]
[SourceVersion "1"]
[SourceVersionDate "1997.03.01"]
[SourceQuality "1"]

1. Nf3 Nf6 2. c4 e6 3. g3 d5 4. Bg2 Be7 5. O-O O-O 6. d4 Nbd7 7. Qc2 c6 8. b3
b6 9. Bb2 Ba6 10. Nbd2 Rc8 11. e4 c5 12. exd5 exd5 13. Qf5 g6 14. Qh3 cxd4 (
14... Rc7 15. dxc5 Nxc5 16. Qh6 Re8 17. Be5 Rd7 18. Bh3 Ne6 19. Rfe1 $14 {
Gelfand,B-Sorokin,M/URS/1986/1:0/41/}) (14... h5 15. Ne5 cxd4 16. Nxd7 Nxd7 17.
Bxd5 Nf6 $10 {/\b5/Nejshtadt/}) 15. Nxd4 Nc5 16. Rad1 Re8 (16... h5 17. N2f3
Nce4 18. Ne5 Qe8 19. Bxe4 dxe4 20. Nf5 $1 gxf5 21. Qxf5 Rc5 22. Qg5+ Kh7 23.
Qf5+ Kg8 24. b4 $1 $40 {Razuvaev,Y-Lputian,S/Frunze/1979/1:0/35/}) 17. N2f3
Nce4 (17... Bf8 18. Ng5 h6 (18... Bg7 19. Bxd5 Nxd5 20. Qxh7+ Kf8 21. Nc6 $18)
19. Nf5 $5 gxf5 (19... hxg5 20. Rxd5 $18) 20. Qxf5 Bg7 21. Nxf7 $1 (21. Rxd5
Qe7 $13) 21... Kxf7 22. Bxd5+ Kf8 23. Qg6 Ne6 $1 24. Rfe1 $5 $44) 18. Ne5 Qc7
$2 (18... Bd6 19. Nec6 Qc7 20. f3 Nc5 21. Nf5 $1 Ncd7 $1 (21... Bf8 22. Nb4 $1
$16) (21... Qxc6 22. Nh6+ Kf8 23. Bxf6 Be5 24. Bxe5 Rxe5 25. Qh4 $16) 22. Nh6+
Kf8 23. cxd5 Bxf1 24. Bxf1 $44) 19. Ne6 $1 Qd6 (19... fxe6 20. Qxe6+ Kg7 21.
Qf7+ Kh8 (21... Kh6 22. Bc1+ g5 23. Bxe4 Qxe5 (23... dxe4 24. h4 $18) (23...
Bd8 24. h4 Qxf7 25. Nxf7+ Kg7 26. Nd6 dxe4 27. hxg5 $18) 24. Rxd5 $1 $18) 22.
Bxe4 dxe4 23. Rd7 $1 $18) 20. Nxf7 $1 Kxf7 21. Bxe4 Nxe4 (21... Qxe6 22. Bxd5
Nxd5 23. Qxh7+ Kf8 24. Qg7#) 22. Rxd5 $1 Qxd5 $8 23. cxd5 h5 24. Re1 (24. Nc7
$2 Ng5 $1) 24... Nxf2 $1 25. Ng5+ $1 Bxg5 (25... Kf8 26. Nh7+ Kg8 27. Qe6+ $18)
26. Qd7+ Re7 27. Rxe7+ Bxe7 28. d6 Nh3+ 29. Qxh3 (29. Kg2 $2 Rc2+ 30. Kxh3 $4
Bf1#) 29... Bxd6 30. Qd7+ Be7 31. Ba3 Re8 32. Qxa7 Bc8 33. Bxe7 Rxe7 34. Qxb6
Bg4 35. Qf2+ Kg8 36. Qc2 Bf5 37. Qc4+ Be6 38. Qe4 Kf7 39. Kf2 Ra7 40. Qf4+ Ke7
(40... Kg8 41. Qb8+) (40... Kg7 41. Qd4+) 41. a4 1-0

[Event "Cappelle op 32nd"]
[Site "Cappelle la Grande"]
[Date "2016.02.16"]
[Round "5"]
[White "Kurajica, Bojan"]
[Black "Payen, Arnaud"]
[Result "0-1"]
[WhiteElo "2533"]
[BlackElo "2333"]
[Annotator "Primel,D"]
[PlyCount "90"]
[EventDate "2016.02.13"]
[EventType "swiss"]
[EventRounds "9"]
[EventCountry "FRA"]
[SourceTitle "EXT 2017"]
[Source "ChessBase"]
[SourceDate "2016.10.25"]
[SourceVersion "1"]
[SourceVersionDate "2016.10.25"]
[SourceQuality "1"]
[TimeControl "40/5400+30:1800+30"]
[WhiteClock "1:30:00"]
[BlackClock "1:30:00"]

1. c4 e6 2. Nf3 d5 3. g3 Nf6 4. Bg2 Be7 5. d4 O-O 6. Qc2 c6 7. Nbd2 b6 8. O-O
Bb7 9. e4 Nxe4 {Une ligne très rare} (9... Nbd7) 10. Nxe4 dxe4 11. Qxe4 Nd7
12. Rd1 Qc8 13. Qe2 Re8 14. Bg5 (14. b3 c5 15. Bb2 Bf6 16. dxc5 Bxb2 17. Qxb2
Nxc5 18. Qe2 e5 19. b4 Ne4 20. Rac1 a5 21. a3 axb4 22. axb4 h6 23. Nd2 Ng5 24.
Ne4 Bxe4 25. Bxe4 Ra4 26. b5 Ra3 27. Bc6 e4 28. Bxe8 Qh3 29. Rd8 Kh7 30. f4
exf3 31. Qc2+ f5 32. Bc6 Rc3 33. Rd2 Rxc2 34. Rdxc2 Qg4 35. Kh1 Qd4 36. c5 Ne6
37. cxb6 Qxb6 38. Rf1 Nd4 39. Rcf2 Qc5 40. Bxf3 Qxb5 41. Bg2 Qd3 42. Bh3 g6 43.
Bg2 h5 {Shapkin,A (2236)-Tillyaev,U (2404) Moscow 2015 0-1 (99)}) 14... Bf8 15.
Rd3 $146 (15. Rac1 c5 16. dxc5 Nxc5 17. b4 Ne4 18. c5 bxc5 19. bxc5 Nxg5 20.
Nxg5 Bxg2 21. Kxg2 Qc6+ 22. Kg1 h6 23. Ne4 Rec8 24. Qe3 Rc7 25. Nd6 Rb8 26. h4
Rb4 27. a3 Ra4 28. Qb3 Ra5 29. a4 Rxc5 30. Rxc5 Qxc5 31. Nb5 Rc8 32. Rd7 a6 33.
Nd4 Qc4 34. Qf3 e5 35. Nf5 Qc6 36. Qxc6 Rxc6 37. Rd8 Re6 38. h5 f6 39. Rd7 Rb6
40. Ra7 Rc6 41. Kg2 Rc2 42. Ne3 Rc6 43. Nf5 Rc2 44. Ne3 Rc6 {Kozlov,V (2280)
-Kasimdzhanov,R (2360) Voskresensk 1993 1/2-1/2}) 15... h6 16. Be3 c5 17. Rad1
$32 Be7 18. h4 Bf8 19. b3 Be7 20. R3d2 (20. Qd2 $5 {[%cal Ge3h6,Gd4c5]}) 20...
Bf6 21. dxc5 (21. d5 exd5 22. cxd5 Ba6 $132) 21... Nxc5 22. Bd4 (22. Nd4 Bxg2
23. Kxg2 Qb7+ 24. Qf3 $14) 22... e5 23. Be3 Ne6 24. Qf1 e4 25. Nh2 Bc3 26. Rc2
Bb4 27. Qe2 Nc5 28. Bd2 Bxd2 29. Rcxd2 e3 30. fxe3 Bxg2 31. Kxg2 Qb7+ 32. Qf3
Rxe3 33. Rd8+ Re8 34. Rxe8+ Rxe8 35. Qxb7 Nxb7 36. Rd7 Nc5 37. Rxa7 Re2+ 38.
Kg1 Ne4 39. Nf1 Re1 40. Ra8+ Kh7 41. Re8 f5 42. g4 Ra1 (42... f4 {[%cal Gf4f2]}
) 43. gxf5 Ng3 44. Kg2 Nxf5 45. Re4 $4 Rxf1 {Le GMI était très décu après
la partie mais il a perdu le fil assez rapidement et le gain des Noirs est
assez logique.} 0-1

[Event "Balatonbereny GM"]
[Site "Balatonbereny"]
[Date "1996.??.??"]
[Round "6"]
[White "Stangl, Markus"]
[Black "Horvath, Csaba"]
[Result "0-1"]
[WhiteElo "2565"]
[BlackElo "2540"]
[Annotator "Psakhis,L"]
[PlyCount "120"]
[EventDate "1996.06.13"]
[EventType "tourn"]
[EventRounds "11"]
[EventCountry "HUN"]
[EventCategory "11"]
[SourceTitle "CBM 055"]
[Source "ChessBase"]
[SourceDate "1996.12.01"]
[SourceVersion "1"]
[SourceVersionDate "1996.12.01"]
[SourceQuality "1"]

1. Nf3 Nf6 2. c4 e6 3. g3 d5 4. Bg2 Be7 5. O-O O-O 6. d4 c6 7. Qc2 Nbd7 8. Rd1
b6 9. b3 Ba6 10. Nbd2 Rc8 11. e4 c5 12. exd5 exd5 13. Qf5 $1 g6 14. Qh3 b5 {N}
(14... h5 15. Bb2 Rc7 16. Bh1 $1 Bb7 17. Re1 Ng4 18. Rad1 $14 {Cifuentes
Parada,R-Sosonko,G/NLD-ch/1992/0,5/59/}) (14... Rc7 15. Bb2 Bc8 16. Qh6 Ng4 17.
Qf4 Ngf6 18. Ne5 $14 {Suba,M-Flear,C/Dundee/1991/0,5/45/}) (14... Qc7 15. Bb2
Bb7 16. Rac1 Rfe8 17. cxd5 Bxd5 18. dxc5 bxc5 19. Nc4 $14 {Suba,M-Maric,A/
Hastings/1991/0,5/81/}) 15. cxd5 c4 (15... Nxd5 16. Ne4 Bb7 17. Nfg5 $36) 16.
Ng5 (16. bxc4 $5 bxc4 17. Ng5) 16... Qb6 (16... c3 17. Nde4 c2 18. Re1 Bb4 19.
Re2 $16) 17. Nde4 (17. Nxh7 $5 Nxh7 (17... Rfd8) 18. Qxd7 Rfe8 19. Ne4) 17...
Rfd8 18. Bf4 Bf8 $8 (18... Bb7 19. Be5 $1) 19. d6 (19. bxc4 $1 Rxc4 (19... bxc4
20. Rab1 Qa5 21. Be5 $18) 20. Be5 h5 21. Nxf6+ Nxf6 22. Ne6 $1 fxe6 23. Bxf6
$16) 19... h6 (19... Bg7 20. Nxf7 $1 Rf8 (20... Kxf7 21. Ng5+ Kf8 22. Qe6) 21.
Nh6+ Kh8 22. Ng5 $18) (19... Bb7 $5 20. d5 $5) 20. Ne6 $5 (20. Nxf6+ Nxf6 21.
Be5 Bg7 (21... Rxd6 22. Bxd6 Qxd6 23. Nf3 $16) 22. Bxf6 Bxf6 23. Qxh6 Bxg5 24.
Qxg5 Rxd6 25. bxc4 bxc4 26. d5 $16) 20... Nxe4 (20... fxe6 21. Qxe6+ Kh7 (21...
Kg7 22. Be5 $1) 22. Nxf6+ Nxf6 23. Qxf6 Bg7 24. Qh4 $16) 21. Nxd8 (21. Bxe4 $1
Nf6 (21... Re8 22. Nxf8 Nxf8 23. Bg2 $18) 22. Nxd8 Nxe4 23. Ne6 $1 Nc3 (23...
fxe6 24. Qxe6+ Kh7 25. Qxe4 Bxd6 26. bxc4 $18) 24. Nxf8 Ne2+ (24... Rxf8 25.
Re1 $18) 25. Kf1 Nxf4 26. Qxh6 $18) 21... Nxf2 $1 (21... Ndf6 22. Ne6 (22. bxc4
$5 Qxd8 23. c5) 22... fxe6 23. Bxe4 Nxe4 24. Qxe6+ Kh7 25. Qxe4) 22. Kxf2 Rxd8
23. bxc4 bxc4 24. Bxh6 $2 (24. Rab1 $5 Qa5 25. Kg1 $16) 24... Ne5 $3 25. Be3 (
25. Bxf8 Nd3+) 25... Nd3+ 26. Kg1 Re8 $1 27. Qd7 (27. g4 Bg7 $1 (27... Rxe3 28.
Qxe3 Bg7 29. Qe8+ Kh7 30. Rf1) 28. Rab1 (28. d7 Rxe3 $1 29. Qxe3 Bxd4 $19)
28... Qxd6 29. d5 c3 $17 (29... Qe7 $5)) 27... Bb5 $1 (27... Rxe3 28. Rf1 Bg7
29. Bd5 $132) 28. Qc7 Rxe3 29. Rf1 (29. Qxb6 axb6 30. Rab1 Ba4) 29... Be8 $1
30. Qxb6 (30. Qxc4 Qxd6 31. Bd5 Bg7 32. Bxf7+ Bxf7 33. Qxf7+ Kh7 $17) 30...
axb6 31. Bd5 Bxd6 32. Bxc4 b5 $17 33. Bb3 Ba3 $5 34. d5 Kf8 35. Rad1 Bc5 36.
Kg2 Ke7 37. Rd2 f5 38. Rfd1 Ne1+ $1 39. Kf1 (39. Kf2 Rxb3+ 40. Kxe1 Re3+ 41.
Re2 Kd6 $19) 39... Nf3 40. d6+ Kd7 41. Rc2 Bb6 42. Rd5 Re1+ 43. Kg2 g5 $1 44.
Rc7+ $1 (44. Kxf3 Bh5+ 45. g4 (45. Kg2 Rg1+ 46. Kh3 Bg4#) 45... Bxg4+ 46. Kg3
Re3+ 47. Kg2 Bh3+ 48. Kf2 Rxb3+ $19) (44. h3 g4 $19) 44... Kd8 (44... Bxc7 45.
dxc7+ Kxc7 46. Kxf3 Bc6 47. Kf2 $1 $10) 45. Rh7 (45. Rxf5 g4) 45... Re2+ (45...
Ne5 $1 46. Rd1 Bc6+ 47. Kh3 Rxd1 48. Bxd1 Nd3 $1 $19) 46. Kh1 $8 Re1+ (46...
Ne5 $5) 47. Kg2 Re2+ 48. Kh1 g4 49. Rd1 $8 Ng5 (49... Bc6 50. Rh8+ Kd7 51. Rh7+
Kc8 52. d7+ Bxd7 $1 $19) 50. Re7 (50. Rh8 Ne4) 50... Bc6+ 51. Bd5 Bxd5+ 52.
Rxd5 Ne4 $1 $19 53. Rd1 f4 (53... Rxa2 $5) 54. Rf1 (54. gxf4 g3) 54... Nf2+ 55.
Kg1 Ne4+ (55... Be3) 56. Kh1 f3 57. Rh7 Nf2+ 58. Kg1 Nh3+ 59. Kh1 Rg2 $1 60.
Rb7 Rg1+ (60... Rg1+ 61. Rxg1 Nf2#) 0-1